000 004690000a22001810004500
003 MACL
005 20150726141930.0
008 150726b xxu||||| |||| 00| 0 eng d
040 _aMACL
_cMACL
041 _aEnglish
082 _a330/DAS
100 _aDas, Ram
_92588
245 _aThird World And Its Socio-Economic Emancipation
260 _bTwenty First Century Publishers
_c1994
_aNew Delhi
350 _a400
650 _aEconomices
_92589
942 _cBK
_k330
_2ddc
999 _c3759
_d3759